000 00239nmm a2200085Ia 4500
008 220120s9999||||xx |||||||||||||||||und||
100 _aGarg, Vijay, K
_97539
245 0 _aPrinciples and application of GSM
260 _aPearson education of asia
999 _c139716
_d139716